| 000 | 00916nam a2200301Ia 4500 | ||
|---|---|---|---|
| 001 | 13190 | ||
| 003 | IT-RoPAU | ||
| 008 | 130308s9999 xx 000 0 und d | ||
| 040 | _aIT-RoPAU | ||
| 040 | _cIT-RoPAU | ||
| 041 | _aITALIANO | ||
| 100 | _aGuarda Guido | ||
| 100 | _gCodice Aut. SPICS: 5737 | ||
| 245 | _aMemorizzazione e apprendimento nell'ascolto radiofonico | ||
| 245 | _bRadio nella Scuola Oggi (La)-Linguaggio Ascolto Utilizzazione | ||
| 250 | _a1a ed. | ||
| 260 | _aTORINO | ||
| 260 | _bERI - Edizioni Rai | ||
| 260 | _c1975 [1° Ed.:1975 - Ed.Ling.Originale:1975] | ||
| 300 | _a"7 p. (prefazione: no ; testo: 7 [pagine: 88-94])" | ||
| 500 | _aAscolto Individuale e collettivo Dinamizzazione del programma Attraverso una fruizione Attiva | ||
| 650 | _aEDUCAZIONE ALLA RADIO | ||
| 650 | _eCodice materia Spics: 6912 | ||
| 942 | _cBK | ||
| 957 | _71 | ||
| 999 |
_c57016 _d57016 |
||
| 999 | _bSI | ||
| 999 | _g1 | ||